[Event "Cheadle op 1st"]
[Site "Cheadle"]
[Date "2025.02.05"]
[Round "4"]
[White "Plotnikov, Matvii"]
[Black "Longson, Alexander"]
[Result "0-1"]
[WhiteElo "1688"]
[BlackElo "2243"]
[PlyCount "46"]
[EventDate "2025.02.04"]
[EventType "swiss"]
[EventRounds "6"]
[EventCountry "ENG"]
[SourceTitle "CB07_2025"]
[SourceDate "2025.02.12"]
[SourceVersion "1"]
[SourceVersionDate "2025.02.12"]
[SourceQuality "1"]

1. d4 d5 2. Nf3 Nf6 3. e3 c6 4. Bd3 Bg4 5. Nbd2 Nbd7 6. h3 Bh5 7. c4 e6 8. Qc2 Bd6 9. 0-0 0-0 10. b3 Bg6 11. Bb2 Qb8 12. e4 e5 13. exd5 cxd5 14. Bxg6 hxg6 15. cxd5 Nxd5 16. Qe4 N5f6 17. Qh4 Re8 18. Ng5 Nf8 19. Nc4 exd4 20. Nxd6 Qxd6 21. Bxd4 Rad8 22. Bc3 Qd3 23. Bb4 Rd4 0-1